स्तं×योत्तर हिंदी कविता (Record no. 294467)

MARC details
000 -LEADER
fixed length control field 01024nam a2200265Ia 4500
003 - CONTROL NUMBER IDENTIFIER
control field OSt
005 - DATE AND TIME OF LATEST TRANSACTION
control field 20221121125244.0
006 - FIXED-LENGTH DATA ELEMENTS--ADDITIONAL MATERIAL CHARACTERISTICS
fixed length control field a|||||r|||| 00| 0
007 - PHYSICAL DESCRIPTION FIXED FIELD--GENERAL INFORMATION
fixed length control field ta
008 - FIXED-LENGTH DATA ELEMENTS--GENERAL INFORMATION
fixed length control field 220922b |||||||| |||| 00| 0 hin d
020 ## - INTERNATIONAL STANDARD BOOK NUMBER
International Standard Book Number 817312017X (hbk)
Terms of availability 295
024 ## - OTHER STANDARD IDENTIFIER
Standard number or code 245,557
037 ## - SOURCE OF ACQUISITION
Source of stock number/acquisition 373, 11/02/2011, Swaraj Prakashan
Terms of availability Textual
040 ## - CATALOGING SOURCE
Original cataloging agency ARTS
Transcribing agency ARTS
Language of cataloging hin
041 ## - LANGUAGE CODE
Source of code hin
Language code of text/sound track or separate title hin
082 ## - DEWEY DECIMAL CLASSIFICATION NUMBER
Classification number O152,1:gN9, P3
100 ## - MAIN ENTRY--PERSONAL NAME
Personal name चतुर्वेदी, जगदीश
245 #0 - TITLE STATEMENT
Statement of responsibility, etc. चतुर्वेदी, जगदीश
Title स्तं×योत्तर हिंदी कविता
Remainder of title विविध परिदृश्य
246 ## - VARYING FORM OF TITLE
Title proper/short title Stan×yottar hiandī kavitā: vividh paridṛushya
260 ## - PUBLICATION, DISTRIBUTION, ETC.
Place of publication, distribution, etc. दिल्ली
Name of publisher, distributor, etc. श्री नटराज प्रकाशन
Date of publication, distribution, etc. 2003
300 ## - PHYSICAL DESCRIPTION
Extent 160पृ.
Dimensions cm.
650 ## - SUBJECT ADDED ENTRY--TOPICAL TERM
Topical term or geographic name entry element हिन्दी साहित्य
9 (RLIN) 156264
942 ## - ADDED ENTRY ELEMENTS (KOHA)
Classification part O152,1:gN9, P3
Koha item type Textual
Source of classification or shelving scheme Colon Classification (CC)
Holdings
Withdrawn status Lost status Damaged status Not for loan Home library Current library Date acquired Source of acquisition Cost, normal purchase price Total Checkouts Full call number Barcode Date due Date last seen Date last checked out Cost, replacement price Price effective from Koha item type
        Arts Library Arts Library 2022-09-23 373, 11/02/2011, Swaraj Prakashan 295.00 1 O152,1:gN9 P3 AL1296458 2026-04-24 2026-03-25 2026-03-25 295.00 2022-09-23 Textual
        Arts Library Arts Library 2022-09-23 373, 11/02/2011, Swaraj Prakashan 295.00   O152,1:gN9 P3 CL1401586   2022-09-23   295.00 2022-09-23 Textual
        Arts Library Arts Library 2022-09-23 373, 11/02/2011, Swaraj Prakashan 295.00   O152,1:gN9 P3 AL1222226   2022-09-23   295.00 2022-09-23 Textual
Copyright @ Delhi University Library System